00421nam a22001577a 4500003000500000005001700005008004100022020002200063040000900085082001200094100002300106245008000129250001600209260002800225300001000253Nust20170407130838.0150917t xxu||||| |||| 00| 0 eng d a978-0-323-07155-0 cASAB a612.015 aGerhard Meisenberg aprinciples of medical biochemistrycby Gerhad Meisenberf, Wiliam H. Simmons a3rd Edition bElsevier Saundersc2012 a588 p